Feiertag und Feierabend: ein religiöses Hausbuch im Anschluss an das Kirchenjahr

Saved in:  
Bibliographic Details
Main Author: Muckermann, Hermann 1877-1962 (Author)
Format: Print Book
Language:German
Subito Delivery Service: Order now.
Check availability: HBZ Gateway
WorldCat: WorldCat
Interlibrary Loan:Interlibrary Loan for the Fachinformationsdienste (Specialized Information Services in Germany)
Published: Freiburg Herder 1951
In:Year: 1951
Standardized Subjects / Keyword chains:B Church year

MARC

LEADER 00000cam a2200000 c 4500
001 178042153
003 DE-627
005 20240418012040.0
007 tu
008 950107s1951 gw ||||| 00| ||ger c
016 7 |a 453473563  |2 DE-101 
020 |c  : 14.50 (Lw.) 
035 |a (DE-627)178042153 
035 |a (DE-576)05920446X 
035 |a (DE-599)GBV178042153 
035 |a (OCoLC)215838160 
035 |a (OCoLC)73578463 
040 |a DE-627  |b ger  |c DE-627  |e rakwb 
041 |a ger 
044 |c XA-DE 
084 |a 02a  |2 sdnb 
084 |a 1  |2 ssgn 
084 |a BS 4350  |2 rvk  |0 (DE-625)rvk/16361: 
100 1 |0 (DE-588)119371448  |0 (DE-627)134239806  |0 (DE-576)162305346  |4 aut  |a Muckermann, Hermann  |d 1877-1962 
109 |a Muckermann, Hermann 1877-1962 
245 1 0 |a Feiertag und Feierabend  |b ein religiöses Hausbuch im Anschluss an das Kirchenjahr  |c Hermann Muckermann 
263 |a Lw. : 14.50 
264 1 |a Freiburg  |b Herder  |c 1951 
300 |a 416 S  |b 1 Bild  |c 8 
336 |a Text  |b txt  |2 rdacontent 
337 |a ohne Hilfsmittel zu benutzen  |b n  |2 rdamedia 
338 |a Band  |b nc  |2 rdacarrier 
583 1 |a Archivierung prüfen  |c 20200919  |f DE-640  |z 3  |2 pdager 
583 1 |a Archivierung/Langzeitarchivierung gewährleistet  |f PEBW  |x XA-DE-BW  |2 pdager  |5 DE-31 
583 1 |a Archivierung/Langzeitarchivierung gewährleistet  |c 20211029  |f PEBW  |x XA-DE-BW  |2 pdager  |5 DE-25 
601 |a Feiertag 
601 |a Feierabend 
601 |a Hausbuch 
689 0 0 |d s  |0 (DE-588)4030726-8  |0 (DE-627)106268899  |0 (DE-576)208988823  |2 gnd  |a Kirchenjahr 
689 0 |5 (DE-627) 
889 |w (DE-627)791866289 
935 |a mteo 
935 |i Blocktest 
936 r v |a BS 4350  |b Gesamtdarstellungen  |k Theologie und Religionswissenschaften  |k Liturgiewissenschaft  |k Spezielle Liturgik  |k Das liturgische Jahr  |k Darstellungen  |k Gesamtdarstellungen  |0 (DE-627)1270757520  |0 (DE-625)rvk/16361:  |0 (DE-576)200757520 
951 |a BO 
ELC |b 1 
ITA |a 1 
LOK |0 000 xxxxxcx a22 zn 4500 
LOK |0 001 3186874068 
LOK |0 003 DE-627 
LOK |0 004 178042153 
LOK |0 005 20100408083845 
LOK |0 008 970526||||||||||||||||ger||||||| 
LOK |0 040   |a DE-21-31  |c DE-627  |d DE-21-31 
LOK |0 541   |e 13691 
LOK |0 852   |a DE-21-31 
LOK |0 852 1  |c Pb VI a 49  |m p  |9 00 
LOK |0 938   |k p 
LOK |0 939   |a 26-05-97  |b l01 
ORI |a SA-MARC-ixtheoa001.raw 
STA 0 0 |a Church year,Church year,Ecclesiastical year,Liturgical year 
STB 0 0 |a Année liturgique,Année liturgique 
STC 0 0 |a Año litúrgico,Año litúrgico 
STD 0 0 |a Anno liturgico,Anno liturgico 
STE 0 0 |a 教会年历,礼仪年 
STF 0 0 |a 教會年曆,禮儀年 
STG 0 0 |a Ano litúrgico,Ano litúrgico 
STH 0 0 |a Церковный год (мотив),Церковный год 
STI 0 0 |a Εκκλησιαστικό έτος (μοτίβο),Εκκλησιαστικό έτος 
SYG 0 0 |a Liturgisches Jahr